Т. 6 : Защита окружающей среды при сжигании топлива (Экологически чистая ТЭС); Тепловые электростанции. Теплоснабжение

Dades bibliogràfiques
Parent link:Тепловые электростанции. Теплоснабжение/ Академия наук СССР, Всесоюзный институт научной и технической информации. Т. 6 : Защита окружающей среды при сжигании топлива (Экологически чистая ТЭС).— , 1979-
Altres autors: Антонов А. Я. (редактор)
Idioma:rus
Publicat: 1991
Matèries:
Format: MixedMaterials Llibre
KOHA link:https://koha.lib.tpu.ru/cgi-bin/koha/opac-detail.pl?biblionumber=205537

MARC

LEADER 00000nam2a2200000 4500
001 205537
005 20231101225303.0
035 |a (RuTPU)RU\TPU\book\224006 
090 |a 205537 
100 |a 20111210d1991 k y0rusy50 ca 
101 0 |a rus 
102 |a RU 
105 |a a z 001zy 
200 0 |a Т. 6 : Защита окружающей среды при сжигании топлива (Экологически чистая ТЭС)  |f под ред. А. Я. Антонова 
210 |d 1991 
215 |a 159 с.  |c ил. 
320 |a Библиогр.: с. 145-157 
461 1 |0 (RuTPU)RU\TPU\book\164586  |t Тепловые электростанции. Теплоснабжение  |f Академия наук СССР, Всесоюзный институт научной и технической информации  |v Т. 6 : Защита окружающей среды при сжигании топлива (Экологически чистая ТЭС)  |d 1979-   |s Тепловые электростанции. Теплоснабжение 
606 1 |a Тепловые электрические станции  |x Оборудование  |2 stltpush  |3 (RuTPU)RU\TPU\subj\59626  |9 77136 
610 1 |a тепловые электростанции 
610 1 |a теплоснабжение 
610 1 |a топливо 
610 1 |a окружающая среда 
610 1 |a защита 
610 1 |a экология 
610 1 |a дымовые газы 
610 1 |a очистка 
610 1 |a кондиционирование 
610 1 |a рукавные фильтры 
610 1 |a оксид серы 
610 1 |a оксид азота 
610 1 |a схемы 
610 1 |a технология 
610 1 |a нормирование 
610 1 |a сжигание 
675 |a 621.311.22.002.5  |v 3 
702 1 |a Антонов  |b А. Я.  |4 340 
801 1 |a RU  |b 63413507  |c 20111210 
801 2 |a RU  |b 63413507  |c 20210218  |g RCR 
942 |c BK